This, our army, (Record no. 552309)
[ view plain ]
| 000 -LEADER | |
|---|---|
| fixed length control field | 00440cam a22001331 4500 |
| 082 ## - DEWEY DECIMAL CLASSIFICATION NUMBER | |
| Classification number | 355.0941 |
| Author Mark | KEN |
| 100 1# - MAIN ENTRY--PERSONAL NAME | |
| Personal name | Kennedy, James Russell, |
| 9 (RLIN) | 49531 |
| 245 10 - TITLE STATEMENT | |
| Title | This, our army, |
| Statement of responsibility, etc. | by Captain J.R. Kennedy ... with 20 illustrations. |
| 260 ## - PUBLICATION, DISTRIBUTION, ETC. | |
| Place of publication, distribution, etc. | London, |
| Name of publisher, distributor, etc. | Hutchinson & co. ltd., |
| Date of publication, distribution, etc. | [1935] |
| 300 ## - PHYSICAL DESCRIPTION | |
| Extent | 3 p., l., 13-268 p. |
| Other physical details | front., plates, ports. |
| Dimensions | 22 cm. |
| 526 ## - STUDY PROGRAM INFORMATION NOTE | |
| Program name | 0 |
| Interest level | 0 |
| Reading level | 0 |
| Title point value | 355_094100000000000_KEN |
| 650 ## - SUBJECT ADDED ENTRY--TOPICAL TERM | |
| Topical term or geographic name entry element | MCE |
| 9 (RLIN) | 379 |
| 942 ## - ADDED ENTRY ELEMENTS (KOHA) | |
| Source of classification or shelving scheme | |
| Koha item type | Book |
| Withdrawn status | Lost status | Source of classification or shelving scheme | Damaged status | Not for loan | Permanent Location | Current Location | Shelving location | Date acquired | Total Checkouts | Full call number | Barcode | Date last seen | Price effective from | Koha item type |
|---|---|---|---|---|---|---|---|---|---|---|---|---|---|---|
| Military College of Engineering (MCE) | Military College of Engineering (MCE) | 01/13/2015 | 355.0941 KEN | MCE-ECT/23 | 01/13/2015 | 01/13/2015 | Book |
